|
|
|
|
| LEADER |
00000nam0a2200000 4500 |
| 001 |
266823 |
| 005 |
20231101234032.0 |
| 020 |
|
|
|a RU
|b 86-100446
|
| 035 |
|
|
|a (RuTPU)RU\TPU\book\289843
|
| 090 |
|
|
|a 266823
|
| 100 |
|
|
|a 20140716d1986 k y0rusy5003 ca
|
| 101 |
0 |
|
|a rus
|
| 102 |
|
|
|a RU
|
| 105 |
|
|
|a y z 001zy
|
| 200 |
1 |
|
|a Ленинградский совет в годы гражданской войны и социалистического строительства, 1917-1937 гг.
|e сборник статей
|f Академия наук СССР (АН СССР), Ленинградское отделение (ЛО), Институт истории СССР (ИИ СССР) ; под ред. М. П. Ирошникова
|
| 210 |
|
|
|a Ленинград
|c Наука
|d 1986
|
| 215 |
|
|
|a 260 с.
|
| 320 |
|
|
|a Библиогр. в примеч. в конце ст.
|
| 320 |
|
|
|a Имен. указ.: с. 256-259.
|
| 606 |
1 |
|
|a Советы депутатов трудящихся городские
|x Право
|2 stltpush
|3 (RuTPU)RU\TPU\subj\55432
|9 73466
|
| 610 |
1 |
|
|a советы
|
| 610 |
1 |
|
|a история
|
| 610 |
1 |
|
|a Ленинград
|
| 610 |
1 |
|
|a Гражданская война 1918-1921
|
| 610 |
1 |
|
|a социалистическое строительство
|
| 610 |
1 |
|
|a взаимодействие
|
| 610 |
1 |
|
|a партийные организации
|
| 686 |
|
|
|a Х620.612.291.8
|2 rubbk
|
| 702 |
|
1 |
|a Ирошников
|b М. П.
|g Михаил Павлович
|4 340
|
| 712 |
0 |
2 |
|a Академия наук СССР (АН СССР)
|b Ленинградское отделение (ЛО)
|b Институт истории СССР (ИИ СССР)
|2 stltpush
|3 (RuTPU)RU\TPU\col\13768
|
| 801 |
|
0 |
|a RU
|b RuMRKP
|c 19960705
|g psbo
|
| 801 |
|
1 |
|a RU
|b 63413507
|c 20140716
|
| 801 |
|
2 |
|a RU
|b 63413507
|c 20160204
|g RCR
|
| 942 |
|
|
|c BK
|